| 000 | 00656nam a2200205 4500 | ||
|---|---|---|---|
| 003 | OSt | ||
| 005 | 20230907085841.0 | ||
| 008 | 708 R549v | ||
| 040 | _cLado V | ||
| 082 |
_a708 _bG314b |
||
| 100 |
_91007 _aGelabert, Florencio _eautor |
||
| 245 | _aBeyond Violence/ | ||
| 260 |
_aNew York _bMuseum of Art fort Lauderdale _c1997 |
||
| 300 |
_a12p. _c24x21cm |
||
| 650 |
_2Tesauro de Arte & Arquitectura _aARTE _9702 |
||
| 650 |
_2Tesauro de Arte & Arquitectura _aEXHIBICION _9702 |
||
| 650 |
_2Tesauro de Arte & Arquitectura _aESTRUCTURA _9702 |
||
| 650 |
_2Tesauro de Arte & Arquitectura _aINSTALACIÓN |
||
| 942 |
_2ddc _c1 _h708 _iG314b _n0 |
||
| 999 |
_c4274 _d4274 |
||